000 00885nam a22002777a 4500
001 7298
003 FISKH
005 20250709081715.0
008 250709b cb ||||| |||| 00| 0 eng d
020 _a9780590273879
040 _aFISKH
_beng
_cFISKH
_dFISKH
050 _aHV2380.E6
082 _a419.7
100 _aEpstein, Elaine
245 _aSay it, sign it /
_cWritten by Elaine Epstein ; Illustrated by Mary O'Keefe Young
260 _aNew York :
_bScholastic,
_c1994.
300 _a16 pages :
_bcolor illustrations ;
_c19 x 24 cm
505 _aG
520 _aTodd and Sonya communicate with the use of sign language and speech while playing at the beach.
521 8 _a420
_bLexile
521 8 _aG
_bRaz-Plus
650 _aBeach
_vBeginning Literacy
_xDiversity
700 _aYoung, Mary O'Keefe
_eillustrator
942 _2ddc
_cBK
_n0
999 _c7298
_d7298